000 00442nam a22001457a 4500
005 20150323144259.0
008 150323b xxu||||| |||| 00| 0 eng d
040 _adpl
245 _aHealth screen
260 _aNavi Mumbai
_bThyrocare
300 _av.
_c27 cm
310 _aMonthly
270 _bNavi Mumbai
_e400703
_aD-37/1,TTC Industrial Area,MIDC,Turbhe,
_dIndia
_k022-30900000
_l22-27682409
_mhealthscreen@thyrocare.com
942 _2ddc
_cSR
_s1
999 _c92400
_d92400